00505nam a2200157Ia 4500008004100000082001600041100001800057245002800075250000800103260004400111300001000155650001800165942001200183952013700195999001500332150201s2014 xx 000 0 und d a617.7bR24K aKHURANA, A.K. aREWIEW OF OPHTHALMOLOGY a5TH bNEW AGE INTERNATIONAL PUB.aINDIAc2014 a1-388 aOPHTHALMOLOGY 2ddccBK 00102ddc40708MEDICALaFMbFMcTXTd2014-06-07eABC DELHIiSGTUl0o617.7 R24KpFM6181r2015-02-09 00:00:00w2014-07-18yBKk4670 c1822d1822